000
00341 a2200157 4500
001
50291
020
_a
8599007319
040
_c
Anchieta - Bela Vista
100
_a
Gouveia, Luis Augusto
240
1
0
_a
Vítor e Gabriel
_l
por
245
1
0
_a
Vítor e Gabriel
300
_a
40
362
0
_a
2006
650
4
_a
Literatura juvenil
942
_c
BK
999
_c
50291
_d
50291